000 00355 a2200133 4500
005 20260702122722.0
020 _a9781639879755
084 _2CC
_aD65,3(C6:45)0bG95531:5
100 _aMorgan ,Kallie, Ed.
_917338
245 _aRemote sensing of coastal environments
260 _bMurphy & Moore,
_c2025
_aNew York
300 _a237p.
942 _cBK
_2CC
999 _c757472
_d757472